A catalogue of the libraries of Peter Baudoin, Esq; and the Reverend Mr. Brown, ... will be sold ... on Wednesday the 7th of this instant May 1735; ... by Olive Payne.

Bibliographic Details
Main Author: Payne, Olive, active 1731-1739
Format: eBook
Language:English
Published: [London], [publisher not identified] ; [1735]
Series:Eighteenth century collections online.
Online Access:Full text online

MARC

Tag First Indicator Second Indicator Subfields
LEADER 00000cam a2200000 4500
001 in00001930121
006 m | d |
007 cr |n||||||||n
008 790922s1735 enk|||| s 00||||eng d
005 20260407223537.7
035 |a (CStRLIN)ESTCT55000 
040 |a Uk-ES  |c Uk-ES  |d CStRLIN  |d Thomson Gale  |d UtOrBLW 
100 1 |a Payne, Olive,  |d active 1731-1739. 
245 1 2 |a A catalogue of the libraries of Peter Baudoin, Esq; and the Reverend Mr. Brown, ... will be sold ... on Wednesday the 7th of this instant May 1735; ... by Olive Payne. 
264 1 |a [London],  |b [publisher not identified] ;  |c [1735] 
300 |a 2 unnumbered pages, 144p. ;  |c 8⁰. 
336 |a text  |b txt  |2 rdacontent 
337 |a computer  |b c  |2 rdamedia 
338 |a online resource  |b cr  |2 rdacarrier 
500 |a Reproduction of original from the British Library. 
510 4 |a English Short Title Catalog,  |c ESTCT55000. 
533 |a Electronic reproduction.  |b Farmington Hills, Mich. :  |c Thomson Gale,  |d 2003.  |n Available via the World Wide Web.  |n Access limited by licensing agreements  |7 s2003 miunns 
500 |a Electronic resource. 
830 0 |a Eighteenth century collections online. 
856 4 0 |u http://proxy.library.tamu.edu/login?url=https://galenet.galegroup.com/servlet/ECCO?c=1&stp=Author&ste=11&af=BN&ae=T055000&tiPG=1&dd=0&dc=flc&docNum=CW117030081&vrsn=1.0&srchtp=a&d4=0.33&n=10&SU=0LRK&locID=txshracd2898  |z Full text online  |t 0 
999 |a MARS 
999 f f |s 31fb9811-8c65-3544-93bf-8862a2aa455e  |i 6ecf7e4a-1faf-3475-b2e6-0d6fdc5cca5e  |t 0 
952 f f |a Texas A&M University  |b College Station  |c Electronic Resources  |s www_evans  |d Available Online  |t 0  |h No information provided 
998 f f |t 0  |l Available Online